000
00208 a2200097 4500
001
2859
100
_a
Livingstone, RW
245
_a
Pageant of Greece
260
_a
_b
Oxford clarendon
_c
090
_c
2154
_d
2154
942
_a
NUST-CAE
_c
M
_c
12825
999
_c
237932
_d
237932